Automobiles that begin with M - Statistics

General Stats
  • This quiz has been taken 32 times
  • The average score is 9 of 40
Answer Stats
Manufacturer Type Answer % Correct
Porsche Compact luxury crossover Macan
75%
Ford Muscle car Mustang
64%
Ford Pickup truck Maverick
43%
Lamborghini Sports car Murciélago
43%
Mazda Sports car MX-5
43%
Chevrolet Mid-size car Malibu
39%
Nissan Mid-size crossover Murano
36%
Ford Mid-size/Full-size car Mondeo
32%
Nissan Supermini Micra
29%
Lamborghini Sports car Miura
29%
Chevrolet Personal luxury car Monte Carlo
29%
Nissan Full-size car Maxima
25%
Mercury Mid-size car Milan
25%
Lincoln Mid-size luxury car MKZ
25%
Fiat Compact MPV Multipla
25%
Renault Small family car Mégane
21%
Mitsubishi Subcompact car Mirage
21%
Lincoln Full-size luxury crossover MKT
21%
Mitsubishi Full-size SUV Montero
21%
Bentley Full-size luxury car Mulsanne
21%
Mercury Full-size car Marauder
18%
AMC Mid-size/Full-size car Matador
18%
Lincoln Compact luxury crossover MKC
18%
Lincoln Full-size luxury car MKS
18%
Lincoln Mid-size luxury crossover MKX
18%
Pontiac Minivan Montana
18%
Mercury Mid-size SUV Mountaineer
18%
Dodge Full-size car Magnum
14%
Mercury Compact crossover Mariner
14%
Toyota Compact car Matrix
14%
Austin Supermini Metro
14%
Mercury Full-size car Montego
14%
Lincoln Pickup truck Mark LT
11%
Mercury Mid-size/Full-size car Marquis
11%
Maserati Sports car MC12
11%
Dodge Various Monaco
11%
Nash Subcompact car Metropolitan
7%
Alfa Romeo Sports car Montreal
7%
Chevrolet Subcompact car Monza
4%
Dodge Mid-size Mirada
0%
No matching quizzes found
Score Distribution
Percent of People with Each Score
Percentile by Number Answered
Your Score History
You have not taken this quiz